00852 2200313 4500001002100000005001700021008004100038035002400079040001200103082001000115090002100125100001200146245008000158250001800238260004100256300002700297500001100324650001400335700002300349850001200372990002100384999002300405990001700428990001700445990002100462990001700483990002100500990001700521YOGYA-0209000005534120090227033519.0 ind  0010-020900000055341 aYOPDYOG a321.4 aDEP 321.4bCha B aCHAIDIR aBerhutang pada rakyatcChaidir; editor, Mahyudi Al Mudra, Tuti Sumarningsih aEd. 1, cet. 2 aYogyakartabAdicita Karya Nusac2002 axxviii, 186 hlmc20 cm aIndeks aDemokrasi aAl Mudra, Wahyudin aYOPDYOG a2002-348 CB-D.11 a2002-348 h CB-D.11 a6280-PD/A.05 a6278-PD/A.05 aCB-D.11/2002-348 a6278-PD/A.05 aCB-D.11/2002-348 a6280-PD/A.05